UM Logo

Mass higher education and its civic impacts in Portugal and Spain / (Record no. 20995)

MARC details
000 -LEADER
fixed length control field 00982nam a22002297a 4500
003 - CONTROL NUMBER IDENTIFIER
control field OSt
005 - DATE AND TIME OF LATEST TRANSACTION
control field 20250207151420.0
008 - FIXED-LENGTH DATA ELEMENTS--GENERAL INFORMATION
fixed length control field 240828b ||||| |||| 00| 0 eng d
040 ## - CATALOGING SOURCE
Transcribing agency 0
082 ## - DEWEY DECIMAL CLASSIFICATION NUMBER
Classification number DPer 379.2 J826 Winter-Spring 2021 v. 46 n. 3-4
100 ## - MAIN ENTRY--PERSONAL NAME
Personal name Teixeira, Pedro.
Relator term author.
9 (RLIN) 59257
245 ## - TITLE STATEMENT
Title Mass higher education and its civic impacts in Portugal and Spain /
Statement of responsibility, etc. Pedro Teixeira, Carla Sa, Joao Cerejeira, Hugo Figueiredo, and Miguel Portela.
260 ## - PUBLICATION, DISTRIBUTION, ETC. (IMPRINT)
Place of publication, distribution, etc. Illinois, United States ;
Name of publisher, distributor, etc. University of Illinois Press and Johns Hopkins University Press,
Date of publication, distribution, etc. Spring 2021.
300 ## - PHYSICAL DESCRIPTION
Extent volume 46, pages 496-518,
Other physical details illustration.
500 ## - GENERAL NOTE
General note Journal of Education Finance, v. 46, n. 4 , pages 496-518, Winter 2021.
700 ## - ADDED ENTRY--PERSONAL NAME
Personal name Teixeira, Pedro.
Relator term author.
9 (RLIN) 59257
700 ## - ADDED ENTRY--PERSONAL NAME
Personal name Sa, Carla.
Relator term author.
9 (RLIN) 59258
700 ## - ADDED ENTRY--PERSONAL NAME
Personal name Cerejeira, Joao.
Relator term author.
9 (RLIN) 59259
700 ## - ADDED ENTRY--PERSONAL NAME
Personal name Figueiredo, Hugo.
Relator term author.
9 (RLIN) 59260
700 ## - ADDED ENTRY--PERSONAL NAME
Personal name Portela, Miguel.
Relator term author.
9 (RLIN) 59261
942 ## - ADDED ENTRY ELEMENTS (KOHA)
Source of classification or shelving scheme Dewey Decimal Classification
Koha item type Periodicals
Holdings
Withdrawn status Lost status Source of classification or shelving scheme Damaged status Not for loan Collection code Home library Current library Date acquired Total Checkouts Full call number Date last seen Price effective from Koha item type Public note
    Dewey Decimal Classification     Periodicals UM Digos College - LIC UM Digos College - LIC 08/28/2024   DPer 379.1 J826 Winter-Spring 2021 v. 46, n. 3-4 08/28/2024 08/28/2024 Periodicals Periodical Article